| 000 | 00464nam a22001697a 4500 | ||
|---|---|---|---|
| 003 | NUST | ||
| 005 | 20220818142904.0 | ||
| 008 | 220818b ||||| |||| 00| 0 eng d | ||
| 020 | _a9781647399221 | ||
| 038 | _aAzhar | ||
| 082 |
_a428.23 _bCRI |
||
| 100 |
_aCripps, Lucy _998064 |
||
| 245 |
_aActually, the comma goes here : a practical guide to punctuation _cLucy Cripps, |
||
| 260 |
_aCalifornia _bRockridge Press _c2020 |
||
| 300 | _a154p | ||
| 942 |
_2ddc _cLC |
||
| 999 |
_c591221 _d591221 |
||